[Event "7. Lichtenberger Sommer"]
[Site "Berlin"]
[Date "2008.08.24"]
[Round "9.1"]
[White "Krämer, Martin"]
[Black "Meister, Jakob"]
[Result "0-1"]
[WhiteElo "2456"]
[BlackElo "2487"]
[PlyCount "114"]
[EventDate "2008.??.??"]
[WhiteTeam "Sfrd. Berlin 1903 e.V."]
[BlackTeam "SK Zehlendorf e.V."]

1. d4 d5 2. c4 dxc4 3. Nf3 a6 4. e3 Nf6 5. Bxc4 e6 6. O-O c5 7. Bb3 Qc7 8. Nc3
Bd6 9. dxc5 Bxc5 10. e4 Nc6 11. Bg5 h6 12. Bh4 Nh5 13. Ne1 g6 14. Nd3 Bd6 15.
e5 Nxe5 16. Ne4 Nxd3 17. Qxd3 Bxh2+ 18. Kh1 Bf4 19. g3 Bg5 20. Qd4 O-O 21. Nxg5
hxg5 22. Bxg5 Qa5 23. Bd2 Qf5 24. Bc3 f6 25. Kg1 Kg7 26. Rae1 e5 27. Qd6 Qd7
28. Qc5 b6 29. Qxb6 Nf4 30. Re3 Nh3+ 31. Kg2 Bb7+ 32. f3 Ng5 33. Rh1 Rfb8 34.
Qc5 Rf8 35. Qa5 Rh8 36. Qxe5 Rxh1 37. Qxf6+ Kh6 38. Kxh1 Qh3+ 39. Kg1 Qxg3+ 40.
Kf1 Bxf3 41. Qd4 Kh5 42. Qe5 Qh3+ 43. Ke1 Rd8 44. Rxf3 Qxf3 45. Qe2 Qxe2+ 46.
Kxe2 Ne4 47. Ba5 Rb8 48. Ke3 Nf6 49. Bc3 Re8+ 50. Kf4 Rf8 51. Bd1+ Kh6 52. Ke5
g5 53. Bb4 Ng4+ 54. Bxg4 Rf4 55. Be2 Rxb4 56. Bxa6 Rxb2 57. a4 g4 0-1

[Event "7. Lichtenberger Sommer"]
[Site "Berlin"]
[Date "2008.08.24"]
[Round "9.2"]
[White "Kalinitschew, Sergey"]
[Black "Von Herman, Ulf"]
[Result "1-0"]
[WhiteElo "2456"]
[BlackElo "2374"]
[PlyCount "81"]
[EventDate "2008.??.??"]
[WhiteTeam "SC Kreuzberg e.V."]
[BlackTeam "SK König Tegel 1949 e.V."]

1. d4 Nf6 2. c4 e6 3. Nf3 d5 4. Nc3 c6 5. e3 Nbd7 6. Bd3 dxc4 7. Bxc4 b5 8. Bd3
Bd6 9. a3 O-O 10. O-O Qe7 11. e4 e5 12. Ne2 exd4 13. Nexd4 Ne5 14. Nxe5 Bxe5
15. Nxc6 Bxh2+ 16. Kxh2 Qc7+ 17. e5 Ng4+ 18. Kg1 Qxc6 19. Qe2 Qd5 20. Bf4 Bb7
21. Bxh7+ Kxh7 22. Qxg4 Qe6 23. Qh5+ Kg8 24. Rfe1 Qc6 25. Qh2 Rfd8 26. Rac1 Qe6
27. Rc3 f5 28. Qg3 Rac8 29. Rxc8 Bxc8 30. Qe3 a5 31. Qc5 Qd5 32. Qe7 Be6 33.
Kh2 Qd7 34. Qh4 Rc8 35. Re3 Rc4 36. Rg3 Rc7 37. Bh6 Qe8 38. Qg5 f4 39. Rd3 Rd7
40. Rd6 Kh8 41. Qh4 1-0

[Event "7. Lichtenberger Sommer"]
[Site "Berlin"]
[Date "2008.08.24"]
[Round "9.3"]
[White "Thinius, Marco"]
[Black "Richter, Michael"]
[Result "1-0"]
[WhiteElo "2387"]
[BlackElo "2422"]
[PlyCount "57"]
[EventDate "2008.??.??"]
[WhiteTeam "Sfrd. Berlin 1903 e.V."]
[BlackTeam "SC Kreuzberg e.V."]

1. e4 c5 2. Nf3 Nc6 3. Bb5 g6 4. Bxc6 dxc6 5. d3 Bg7 6. h3 b6 7. O-O Nh6 8. Nc3
f6 9. d4 cxd4 10. Nxd4 Qd7 11. Be3 Ba6 12. Re1 O-O-O 13. Qc1 Nf7 14. Rd1 Nd6
15. a4 e5 16. Nb3 Qb7 17. a5 Nc4 18. axb6 axb6 19. Rxd8+ Rxd8 20. Na4 Bb5 21.
Bxb6 Re8 22. Be3 Bf8 23. Nbc5 Qb8 24. b3 Nxe3 25. Qxe3 Re7 26. Nb6+ Kc7 27. Ra8
Qxb6 28. Rxf8 Ba6 29. Ne6+ 1-0

[Event "7. Lichtenberger Sommer"]
[Site "Berlin"]
[Date "2008.08.24"]
[Round "9.4"]
[White "Rabiega, Robert"]
[Black "Rietze, Clemens"]
[Result "1-0"]
[WhiteElo "2552"]
[BlackElo "2128"]
[PlyCount "125"]
[EventDate "2008.??.??"]
[WhiteTeam "SK König Tegel 1949 e.V."]
[BlackTeam "ESV Lok Falkenberg e.V."]

1. e4 e5 2. Nf3 Nc6 3. Bb5 a6 4. Ba4 Nf6 5. d3 b5 6. Bb3 Be7 7. O-O d6 8. a4
Bb7 9. Nc3 b4 10. Nd5 Nxd5 11. Bxd5 Na5 12. Bxb7 Nxb7 13. d4 Bf6 14. Be3 O-O
15. dxe5 dxe5 16. Qe2 Qc8 17. Qc4 Nd6 18. Qxb4 Rb8 19. Qc3 Nxe4 20. Qc6 Qb7 21.
Qxb7 Rxb7 22. b3 Nc3 23. Rae1 e4 24. Nd2 Re8 25. Nc4 Rbb8 26. g4 h6 27. Bd2
Rbd8 28. Kg2 Kh7 29. Rh1 g5 30. h4 gxh4 31. Bxc3 Bxc3 32. Re2 Bf6 33. Ne3 Kg6
34. Nf5 h5 35. Nxh4+ Bxh4 36. Rxh4 hxg4 37. Rxg4+ Kf5 38. Kg3 Rd4 39. Re3 Re5
40. c3 Rd1 41. Rf4+ Kg6 42. Rfxe4 Rg5+ 43. Kf3 Rgd5 44. Rg4+ Kf5 45. Rf4+ Kg5
46. Rc4 c5 47. Ke4 a5 48. Kf3 Rb1 49. Rg4+ Kf6 50. Rf4+ Kg6 51. c4 Rd2 52. Kg2
f6 53. Re6 Rxb3 54. Rexf6+ Kg7 55. Rf7+ Kg6 56. R4f6+ Kg5 57. Rc6 Rb4 58. Rxc5+
Kg6 59. Ra7 Rxa4 60. Ra6+ Kf7 61. Rc7+ Ke8 62. Rh7 Rd8 63. Rh8+ 1-0

[Event "7. Lichtenberger Sommer"]
[Site "Berlin"]
[Date "2008.08.24"]
[Round "9.5"]
[White "Muse, Drazen"]
[Black "Figura, Atila Gajo"]
[Result "1/2-1/2"]
[WhiteElo "2369"]
[BlackElo "2407"]
[PlyCount "50"]
[EventDate "2008.??.??"]
[WhiteTeam "SK König Tegel 1949 e.V."]
[BlackTeam "SC Kreuzberg e.V."]

1. Nf3 d5 2. c4 c6 3. d4 Nf6 4. Nbd2 Bf5 5. g3 e6 6. Bg2 Nbd7 7. O-O h6 8. b3
Bd6 9. Bb2 O-O 10. Ne5 Qc7 11. Nxd7 Qxd7 12. Re1 b5 13. Qc1 a5 14. a4 bxc4 15.
bxc4 Bb4 16. Bc3 Rfb8 17. e4 dxe4 18. Nxe4 Nxe4 19. Bxe4 Bxe4 20. Rxe4 Bxc3 21.
Qxc3 Qb7 22. Re5 Qb4 23. Qc2 Rd8 24. Rb1 Qd6 25. Rd1 Qb4 1/2-1/2

[Event "7. Lichtenberger Sommer"]
[Site "Berlin"]
[Date "2008.08.24"]
[Round "9.6"]
[White "Petersen, Soren Boeck"]
[Black "Wendt, Jan-Dietrich"]
[Result "1-0"]
[WhiteElo "2242"]
[BlackElo "2372"]
[PlyCount "117"]
[EventDate "2008.??.??"]
[WhiteTeam "Vanlose Skakklub"]
[BlackTeam "Sfrd. Berlin 1903 e.V."]

1. e4 d6 2. d4 Nf6 3. Nc3 g6 4. Nf3 Bg7 5. Be2 O-O 6. O-O c5 7. d5 Na6 8. Re1
Nc7 9. a4 b6 10. Bf4 Bg4 11. Qd2 Re8 12. Rad1 Bxf3 13. Bxf3 Nd7 14. Bg4 Ne5 15.
Be2 a6 16. Bg3 Rb8 17. f4 Nd7 18. Bf3 b5 19. axb5 Nxb5 20. Nxb5 Rxb5 21. b3 Qc7
22. e5 Reb8 23. Bg4 Nb6 24. Be2 c4 25. bxc4 Nxc4 26. Qd4 Rc5 27. Qe4 dxe5 28.
fxe5 Bxe5 29. Bxc4 Bxg3 30. hxg3 Rxc4 31. Qxe7 Qxg3 32. Re2 Qc7 33. d6 Qc5+ 34.
Qe3 Rd8 35. Qxc5 Rxc5 36. Rd4 Kf8 37. Kf2 Rd7 38. Ke1 f5 39. c4 Kf7 40. Ra2 Rc6
41. Rad2 Ke6 42. Re2+ Kf6 43. Red2 Ke6 44. Re2+ Kf7 45. Red2 Ke8 46. Kd1 Rb7
47. Re2+ Kd8 48. Re5 Ra7 49. c5 Rb7 50. Kd2 Rc8 51. Kc3 Kd7 52. Re7+ Kc6 53.
Rxb7 Kxb7 54. Rb4+ Kc6 55. Kd4 Re8 56. Rb6+ Kd7 57. Kd5 Re1 58. c6+ Kc8 59. d7+
1-0

[Event "7. Lichtenberger Sommer"]
[Site "Berlin"]
[Date "2008.08.24"]
[Round "9.7"]
[White "Kiesekamp, Marcos"]
[Black "Skibbe, Willi"]
[Result "1-0"]
[WhiteElo "2316"]
[BlackElo "2183"]
[PlyCount "49"]
[EventDate "2008.??.??"]
[WhiteTeam "TuS Makkabi Berlin e.V."]
[BlackTeam "SV 1861 Liebschwitz"]

1. e4 e6 2. d4 d5 3. Nd2 Be7 4. Ngf3 Nf6 5. Bd3 c5 6. c3 cxd4 7. cxd4 dxe4 8.
Nxe4 Nbd7 9. O-O Nxe4 10. Bxe4 Nf6 11. Bc2 O-O 12. Bf4 Qb6 13. Be5 Bd7 14. Ng5
h6 15. Bxf6 Bxf6 16. Nh7 Rfd8 17. Nxf6+ gxf6 18. Qg4+ Kf8 19. Qf4 Bb5 20. Rfd1
Ke7 21. d5 Qc5 22. Bb3 h5 23. Rac1 Qb6 24. Rc7+ Rd7 25. d6+ 1-0

[Event "7. Lichtenberger Sommer"]
[Site "Berlin"]
[Date "2008.08.24"]
[Round "9.8"]
[White "Gschwendtner, Klaus"]
[Black "Plump, Detlef"]
[Result "1/2-1/2"]
[WhiteElo "2078"]
[BlackElo "2263"]
[PlyCount "99"]
[EventDate "2008.??.??"]
[WhiteTeam "SC Starnberg"]
[BlackTeam "Chessclub York"]

1. Nf3 Nf6 2. c4 e6 3. g3 b6 4. Bg2 Bb7 5. O-O c5 6. Nc3 a6 7. b3 Be7 8. Bb2
O-O 9. d4 cxd4 10. Qxd4 d6 11. e4 Qc7 12. Rac1 Nbd7 13. h3 Rad8 14. Qe3 Rfe8
15. Nd4 Qb8 16. g4 g6 17. Nde2 Bf8 18. Ng3 d5 19. g5 Nxe4 20. Ncxe4 dxe4 21.
Nxe4 Bxe4 22. Bxe4 Bg7 23. Bxg7 Kxg7 24. Rcd1 Nc5 25. Bc6 Rxd1 26. Rxd1 Rd8 27.
Rd4 Qc7 28. Bg2 Rxd4 29. Qxd4+ e5 30. Qe3 Ne6 31. h4 Nf4 32. Bd5 Qd6 33. Qe4 f5
34. gxf6+ Kxf6 35. Bb7 a5 36. Kh2 Qd4 37. Kg3 Qc3+ 38. Qe3 Qb4 39. a3 Qd6 40.
Qe4 Kg7 41. b4 axb4 42. axb4 Kf6 43. Qc6 Qxc6 44. Bxc6 Nd3 45. b5 Ke7 46. Bd5
Kd6 47. Bg8 h6 48. Bf7 g5 49. hxg5 hxg5 50. f3 1/2-1/2

[Event "7. Lichtenberger Sommer"]
[Site "Berlin"]
[Date "2008.08.24"]
[Round "9.9"]
[White "Brüdigam, Martin"]
[Black "Dimitrijeski, Kristian"]
[Result "1-0"]
[WhiteElo "2218"]
[BlackElo "2167"]
[PlyCount "131"]
[EventDate "2008.??.??"]
[WhiteTeam "USV Potsdam e.V., Abt. Schach"]
[BlackTeam "Sfrd. Berlin 1903 e.V."]

1. d4 Nf6 2. g3 g6 3. Bg2 Bg7 4. e4 d6 5. Ne2 e5 6. c3 O-O 7. O-O Re8 8. Nd2
Nc6 9. dxe5 dxe5 10. Qc2 Qe7 11. Nb3 Be6 12. h3 Rad8 13. Be3 Bc4 14. Rfd1 Rxd1+
15. Rxd1 Rd8 16. Nec1 Rxd1+ 17. Qxd1 Qd7 18. Qxd7 Nxd7 19. Bf1 Bxf1 20. Kxf1
Kf8 21. Ke2 Ke7 22. Nd3 b6 23. a4 Nf6 24. f3 Ne8 25. Ndc1 Nd6 26. Kd3 f5 27.
Nd2 Nd8 28. Nc4 Ne6 29. Ne2 fxe4+ 30. fxe4 Bf6 31. Ng1 Kd7 32. Nf3 Nxc4 33.
Kxc4 Kc6 34. b4 a6 35. b5+ axb5+ 36. axb5+ Kd6 37. Bc1 c5 38. Be3 g5 39. Kd3 h5
40. Nd2 h4 41. gxh4 gxh4 42. Nc4+ Ke7 43. Ke2 Bg5 44. Nxe5 Bf6 45. Nf3 Bxc3 46.
Nxh4 Bf6 47. Nf5+ Kd7 48. Kd3 Nc7 49. Kc4 Ke6 50. Bf4 Be5 51. Bg5 Bf6 52. Bxf6
Kxf6 53. h4 Ke5 54. h5 Ne6 55. h6 Ng5 56. Ng3 Kf4 57. Kd5 Nf7 58. Nf5 c4 59. h7
c3 60. Nd4 Kg5 61. e5 Kg6 62. e6 Nh8 63. Kd6 Kxh7 64. e7 Nf7+ 65. Kc7 c2 66.
Nxc2 1-0

[Event "7. Lichtenberger Sommer"]
[Site "Berlin"]
[Date "2008.08.24"]
[Round "9.10"]
[White "Struk, Jerzy"]
[Black "Van Asseldonk, Paul"]
[Result "1-0"]
[WhiteElo "2164"]
[BlackElo "2101"]
[PlyCount "43"]
[EventDate "2008.??.??"]
[WhiteTeam "K. S. Pocztowiec Poznan"]
[BlackTeam "HSC Helmond"]

1. e4 c5 2. c3 Nf6 3. e5 Nd5 4. Nf3 d6 5. exd6 e6 6. d4 cxd4 7. cxd4 Bxd6 8.
Nc3 O-O 9. Bd3 Nd7 10. O-O Nxc3 11. bxc3 Qc7 12. Qe1 Re8 13. c4 Nf8 14. c5 Bf4
15. d5 Bxc1 16. Rxc1 Bd7 17. d6 Qc8 18. Ne5 f6 19. Nxd7 Nxd7 20. Bb5 Ne5 21.
Qxe5 fxe5 22. d7 1-0

[Event "7. Lichtenberger Sommer"]
[Site "Berlin"]
[Date "2008.08.24"]
[Round "9.11"]
[White "Buttkus, Andre"]
[Black "Niehaus, Frank"]
[Result "0-1"]
[WhiteElo "2050"]
[BlackElo "2185"]
[PlyCount "28"]
[EventDate "2008.??.??"]
[WhiteTeam "SK Tempelhof 1931 e.V."]
[BlackTeam "Sfrd. Berlin 1903 e.V."]

1. d4 Nf6 2. c4 g6 3. Nc3 Bg7 4. e4 d6 5. f3 O-O 6. Be3 c5 7. d5 e6 8. Bd3 exd5
9. cxd5 a6 10. Rb1 b5 11. b4 cxb4 12. Rxb4 Qa5 13. Qb3 Nbd7 14. Nge2 Nc5 0-1

[Event "7. Lichtenberger Sommer"]
[Site "Berlin"]
[Date "2008.08.24"]
[Round "9.12"]
[White "Newrkla, Katharina"]
[Black "Meißner, Hans-Jürgen"]
[Result "1/2-1/2"]
[WhiteElo "2049"]
[BlackElo "2212"]
[PlyCount "106"]
[EventDate "2008.??.??"]
[WhiteTeam "Austria  Wien"]
[BlackTeam "SV Empor Berlin e.V."]

1. e4 c5 2. Nf3 d6 3. d4 cxd4 4. Nxd4 Nf6 5. Nc3 a6 6. Bc4 e6 7. O-O Be7 8. Bb3
b5 9. f4 O-O 10. e5 dxe5 11. fxe5 Bc5 12. Be3 Bxd4 13. Bxd4 Nc6 14. Bc5 Nxe5
15. Bxf8 Qb6+ 16. Kh1 Kxf8 17. Qe2 Ned7 18. Rad1 Bb7 19. Qf2 Qxf2 20. Rxf2 Rc8
21. Bxe6 b4 22. Bxd7 Rc7 23. Ba4 bxc3 24. bxc3 Rxc3 25. Rd8+ Ke7 26. Rfd2 Be4
27. R8d4 Re3 28. Kg1 h5 29. c4 Ng4 30. Rd1 Re2 31. R4d2 Re3 32. h3 Ne5 33. Kf2
Rc3 34. Bb3 f5 35. Rd4 h4 36. R1d2 a5 37. Re2 Kf6 38. Rd6+ Kg5 39. Ra6 Nd3+ 40.
Kg1 Rc1+ 41. Kh2 Nf4 42. Rd2 Rc3 43. Ba4 Rxc4 44. Rxa5 Rc3 45. Rb5 Nh5 46. Rbb2
Ng3 47. Rd1 g6 48. Bb3 Rc5 49. Rbd2 Kf4 50. Rf2+ Ke5 51. Rfd2 Kf4 52. Rf2+ Ke5
53. Rfd2 Kf4 1/2-1/2

[Event "7. Lichtenberger Sommer"]
[Site "Berlin"]
[Date "2008.08.24"]
[Round "9.13"]
[White "Schatz, Dieter"]
[Black "Hahlbohm, Matthias"]
[Result "1/2-1/2"]
[WhiteElo "2216"]
[BlackElo "2085"]
[PlyCount "144"]
[EventDate "2008.??.??"]
[WhiteTeam "SK Landau"]
[BlackTeam "TSG Oberschöneweide e.V."]

1. e4 c5 2. Nf3 d6 3. Nc3 a6 4. g3 e5 5. Bg2 Nf6 6. d3 g6 7. O-O Bg7 8. h3 O-O
9. Bg5 h6 10. Be3 Nc6 11. Qd2 Kh7 12. Nh2 Ng8 13. Ne2 Nd4 14. c3 Nxe2+ 15. Qxe2
Be6 16. f4 f5 17. exf5 Bxf5 18. g4 Bc8 19. f5 gxf5 20. gxf5 Nf6 21. c4 Qc7 22.
Ng4 Bd7 23. Qd2 Bc6 24. Nxf6+ Rxf6 25. Be4 Rg8 26. Kh2 Qf7 27. Qe2 Bf8 28. Rg1
d5 29. cxd5 Bxd5 30. Rxg8 Qxg8 31. Rg1 Qf7 32. b3 Bxe4 33. dxe4 b5 34. Rd1 Rd6
35. Rxd6 Bxd6 36. Qd2 Bf8 37. Qc3 Qc7 38. Bf2 c4 39. Bh4 a5 40. Qg3 Qd6 41.
bxc4 bxc4 42. Qc3 Qb4 43. Qc2 c3 44. Qg2 Qb2 45. Bf2 Qd2 46. Qg6+ Kh8 47. Kg2
Qg5+ 48. Qxg5 hxg5 49. Be3 Ba3 50. Bxg5 c2 51. Kf2 c1=Q 52. Bxc1 Bxc1 53. a4
Kg7 54. Ke2 Kf6 55. Kd3 Ke7 56. Kc4 Kd6 57. Kb5 Bd2 58. h4 Be1 59. h5 Bd2 60.
Kb6 Bh6 61. Kb5 Be3 62. Kxa5 Kc5 63. Ka6 Kd4 64. Kb7 Kxe4 65. f6 Kf5 66. f7 Bh6
67. a5 e4 68. a6 e3 69. a7 e2 70. a8=Q e1=Q 71. f8=Q+ Bxf8 72. Qxf8+ Kg5
1/2-1/2

[Event "7. Lichtenberger Sommer"]
[Site "Berlin"]
[Date "2008.08.24"]
[Round "9.14"]
[White "Wasem, Ralph"]
[Black "Kollberg, Lothar"]
[Result "1-0"]
[WhiteElo "2100"]
[BlackElo "2253"]
[PlyCount "67"]
[EventDate "2008.??.??"]
[WhiteTeam "SK Landau"]
[BlackTeam "SC Rotation Pankow e.V."]

1. e4 g6 2. d4 Bg7 3. Nc3 d6 4. Be2 Nf6 5. g4 h5 6. g5 Nfd7 7. h4 e5 8. d5 a5
9. Be3 Na6 10. a3 b6 11. Bb5 Bb7 12. Nge2 Qe7 13. Ng3 f6 14. Rg1 fxg5 15. Bxg5
Bf6 16. Nf1 Bxg5 17. Rxg5 Qf7 18. Qe2 Rf8 19. Ne3 Nac5 20. O-O-O Qxf2 21. Qxf2
Rxf2 22. Rxg6 O-O-O 23. Rf1 Rdf8 24. Rxf2 Rxf2 25. Rg8+ Nf8 26. Nf5 Ncd7 27.
Bxd7+ Kxd7 28. Rxf8 Rf1+ 29. Kd2 Rf2+ 30. Kc1 Rf1+ 31. Nd1 Ba6 32. Kd2 Rf4 33.
Rh8 Rxe4 34. Nde3 1-0

[Event "7. Lichtenberger Sommer"]
[Site "Berlin"]
[Date "2008.08.24"]
[Round "9.15"]
[White "Oswald, Michael"]
[Black "Novkovic, Julia"]
[Result "1/2-1/2"]
[WhiteElo "2123"]
[BlackElo "2128"]
[PlyCount "57"]
[EventDate "2008.??.??"]
[WhiteTeam "1. Schachclub Anhalt"]
[BlackTeam "Dornbirn"]

1. d4 Nf6 2. c4 g6 3. Nc3 Bg7 4. e4 d6 5. f4 O-O 6. Nf3 c5 7. d5 e6 8. dxe6
Bxe6 9. Bd3 Nc6 10. f5 Bc8 11. Bg5 h6 12. Bxf6 Qxf6 13. O-O Nd4 14. e5 Nxf3+
15. Qxf3 Qxe5 16. f6 Bxf6 17. Qxf6 Qe3+ 18. Kh1 Qxd3 19. Nd5 Be6 20. Nf4 Qd4
21. Nxg6 Qxf6 22. Rxf6 fxg6 23. Rxe6 Kg7 24. Rxd6 Rae8 25. Rd2 Re4 26. b3 Rfe8
27. h3 R8e7 28. Rad1 Kf7 29. Kg1 1/2-1/2

[Event "7. Lichtenberger Sommer"]
[Site "Berlin"]
[Date "2008.08.24"]
[Round "9.16"]
[White "Püschel, Werner"]
[Black "Hünerfauth, Uwe"]
[Result "1/2-1/2"]
[WhiteElo "2189"]
[BlackElo "2089"]
[PlyCount "31"]
[EventDate "2008.??.??"]
[WhiteTeam "SG Lasker Steglitz-Wilmersdorf"]
[BlackTeam "SK Landau"]

1. Nf3 e6 2. g3 b6 3. Bg2 Bb7 4. b3 Nf6 5. Bb2 Be7 6. O-O c5 7. c4 O-O 8. Qc2
d5 9. d3 Nbd7 10. Nbd2 d4 11. b4 e5 12. bxc5 Bxc5 13. Rfb1 Qc7 14. a4 a5 15.
Nb3 Bb4 16. Qc1 1/2-1/2

[Event "7. Lichtenberger Sommer"]
[Site "Berlin"]
[Date "2008.08.24"]
[Round "9.17"]
[White "Reichenbach, Werner"]
[Black "Graudons, Karsten"]
[Result "1-0"]
[WhiteElo "2305"]
[BlackElo "1999"]
[PlyCount "95"]
[EventDate "2008.??.??"]
[WhiteTeam "Schachclub Schwante"]
[BlackTeam "USV Potsdam e.V., Abt. Schach"]

1. e4 e5 2. Nf3 Nc6 3. Bb5 a6 4. Bxc6 dxc6 5. Nc3 Bg4 6. h3 Bxf3 7. Qxf3 Qf6 8.
Qg3 O-O-O 9. d3 h6 10. Ne2 Bd6 11. f3 Ne7 12. Qf2 Kb8 13. Be3 Qe6 14. b3 Nc8
15. O-O-O b6 16. d4 Kb7 17. Kb1 exd4 18. Nxd4 Qe5 19. Nf5 c5 20. Rd5 Qf6 21.
Rhd1 Ne7 22. Nxe7 Bxe7 23. Bc1 c4 24. bxc4 Qc3 25. Qd4 Qb4+ 26. Bb2 f6 27. Qc3
Qa4 28. Qb3 Qc6 29. a4 a5 30. Qb5 Rd6 31. Ka2 Qe8 32. Qxe8 Rxe8 33. Kb3 Kc6 34.
g4 Rxd5 35. cxd5+ Kd7 36. Rd3 Bc5 37. Kc4 Kd6 38. Bd4 Bxd4 39. Kxd4 Rc8 40. Rc3
h5 41. f4 hxg4 42. hxg4 Rh8 43. e5+ fxe5+ 44. fxe5+ Kd7 45. e6+ Kc8 46. Rf3 Rh4
47. Rf8+ Kb7 48. e7 1-0

[Event "7. Lichtenberger Sommer"]
[Site "Berlin"]
[Date "2008.08.24"]
[Round "9.18"]
[White "Gebigke, Martin"]
[Black "Exler, Veronika"]
[Result "1-0"]
[WhiteElo "2151"]
[BlackElo "2011"]
[PlyCount "63"]
[EventDate "2008.??.??"]
[WhiteTeam "SV Berolina Mitte e.V."]
[BlackTeam "SC Donaustadt Wien"]

1. d4 Nf6 2. Nf3 g6 3. c4 Bg7 4. Nc3 O-O 5. e4 d6 6. Be2 e5 7. O-O Nc6 8. d5
Ne7 9. a4 Ne8 10. a5 f5 11. Ng5 h6 12. Ne6 Bxe6 13. dxe6 c6 14. exf5 Nxf5 15.
Ra3 Qe7 16. a6 b6 17. b4 Nd4 18. Bd3 Qxe6 19. b5 Kh7 20. bxc6 Nxc6 21. Be4 Rc8
22. Bd5 Qd7 23. Ne4 Nf6 24. Nxd6 Qxd6 25. Bg8+ Nxg8 26. Qxd6 Rfd8 27. Qe6 Nd4
28. Qf7 Nf6 29. Qxa7 Ne2+ 30. Kh1 Nxc1 31. Rxc1 Rxc4 32. Raa1 1-0

[Event "7. Lichtenberger Sommer"]
[Site "Berlin"]
[Date "2008.08.24"]
[Round "9.19"]
[White "Amelang, Thomas"]
[Black "Ozeran, Volodymyr"]
[Result "0-1"]
[WhiteElo "2176"]
[BlackElo "1967"]
[PlyCount "90"]
[EventDate "2008.??.??"]
[WhiteTeam "SK Siemens München"]
[BlackTeam "SK Dessau 93 e. V."]

1. e4 c6 2. d3 d5 3. Nc3 g6 4. g3 dxe4 5. dxe4 Qxd1+ 6. Nxd1 Bg7 7. Bd2 Nf6 8.
f3 Nbd7 9. Nf2 b6 10. Bc3 Bb7 11. Ne2 O-O 12. Nd3 Rfd8 13. h4 c5 14. Nef4 c4
15. Nf2 b5 16. g4 e5 17. Ne2 Bf8 18. g5 Nh5 19. Ng4 Re8 20. Bh3 Rad8 21. O-O-O
Bc6 22. Ba5 Ra8 23. Nh6+ Bxh6 24. Bxd7 Bxd7 25. Rxd7 Bf8 26. Rb7 a6 27. Rd1 Re7
28. Rxe7 Bxe7 29. Rd7 Kf8 30. Bc7 Ra7 31. Rxe7 Kxe7 32. Bxe5 Ke6 33. f4 f6 34.
Bc3 Rf7 35. Bd2 Rd7 36. Bc3 Kf7 37. Bd2 Re7 38. Nc3 fxg5 39. hxg5 Ng3 40. e5
Ke6 41. Be1 Nh5 42. Bd2 Rf7 43. Ne2 Kf5 44. Nd4+ Ke4 45. e6 Re7 0-1

[Event "7. Lichtenberger Sommer"]
[Site "Berlin"]
[Date "2008.08.24"]
[Round "9.20"]
[White "Maahs, Erich"]
[Black "Zschäbitz, Klaus"]
[Result "1-0"]
[WhiteElo "2157"]
[BlackElo "2103"]
[PlyCount "82"]
[EventDate "2008.??.??"]
[WhiteTeam "SC Concordia SAbt Palame"]
[BlackTeam "BSG 1827 Eckbauer e.V."]

1. e4 e6 2. d4 d5 3. Nd2 Nf6 4. e5 Nfd7 5. Bd3 c5 6. c3 Nc6 7. Ne2 cxd4 8. cxd4
f6 9. f4 fxe5 10. fxe5 Nxd4 11. Nxd4 Qh4+ 12. g3 Qxd4 13. Nf3 Qb6 14. Qc2 Bb4+
15. Kf1 Nf8 16. Kg2 Bd7 17. Rf1 Bb5 18. Be3 Bxd3 19. Qxd3 Qa6 20. Qxa6 bxa6 21.
Rac1 Be7 22. Rc7 Ng6 23. Nd4 Rf8 24. Nxe6 Rxf1 25. Kxf1 Kf7 26. Nf4 Rf8 27. Ke2
Nxf4+ 28. gxf4 Re8 29. Rxa7 Ke6 30. Rxa6+ Kf5 31. Kd3 Rb8 32. Ra7 Bd8 33. b3 g5
34. fxg5 Kxe5 35. Rxh7 Rb4 36. Rd7 Ba5 37. g6 Rg4 38. g7 Ke6 39. Ra7 Bd8 40.
Bd4 Be7 41. a4 Kf7 1-0